000 00766nas a2200253 4500
001 BR8803683
003 BR-BrBNA
005 20231205091202.0
007 ta
008 230509b bl.|||p| |||| 00| 00por d
040 _aBR-BrBNA
_bpor
_cBiblioteca Nacional de Agricultura
041 _a(Pt)
072 _aF03
100 1 _aMendonca, R.
100 1 _aZanini Neto, J.A.
245 1 _aNormas tecnicas para producao de manivas-sementes basicas de mandioca no estado de Santa Catarina
650 _aMANDIOCA
650 _aMANIVA
650 _aSEMENTE
650 _aSANTA CATARINA
773 0 _tRevista Brasileira de Sementes (Brazil)
_xISSN 0101-3122
_g(1986), v. 8(2) p. 61-66
_wBR8803683
909 _a202311
_bLúcia
_c55
_dLúcia Elande
942 _2AGRIS
_n0
_cANA
999 _c123404
_d123404